00416nam a2200157Ia 45000010006000000050017000060080041000230410008000640820015000721000036000872450078001232600009002013000032002106500008002426540008002502226420260414150819.0260414t2013||||xx |||||||||||||| ||spa|| aESP a621.3bM86 aMorales Santiago, GregorioeAUT 0aGestión del montaje y del mantenimiento de instalaciones eléctricasb c2013 aix, 162 páginas :c27 cm. aTCA aCET